Element endings - Statistics

General Stats
  • This quiz has been taken 8 times
  • The average score is 8 of 10
Answer Stats
Answer % Correct
Argon
100%
Carbon
100%
Radon
100%
Xenon
100%
Boron
88%
Neon
88%
Krypton
75%
Oganesson
75%
Silicon
63%
Iron
38%
No matching quizzes found
Score Distribution
Percent of People with Each Score
Percentile by Number Answered
Your Score History
You have not taken this quiz